000
00333nam a2200133Ia 4500
008
220216s9999 xx 000 0 und d
100
_a
Sowry J A
245
0
_a
Heavy-duty conveying-natural rubber and steel
260
_b
Rubber Developments
_c
1974
300
_a
13-Jun
650
_a
Natural rubber
650
_a
Steel
942
_c
JS
999
_c
60266
_d
60266